000 00210 a2200097 4500
001 5566
100 _aPeerman,FG
245 _aWorkshop technology experiemtns
260 _a
_bHeinemann
_c
090 _c4573
_d4573
942 _aNUST-CAE
_cM
_c30904
999 _c240639
_d240639